| 000 -ლიდერი |
| ფიქსირებული სიგრძის საკონტროლო ველი |
01925nam a22002897a 4500 |
| 003 - საკონტროლო ნომრის იდენტიფიკატორი |
| საკონტროლო ველი |
Ge_BSU |
| 005 - ბოლო ოპერაციის თარიღი და დრო |
| საკონტროლო ველი |
20221017102134.0 |
| 008 - ფიქსირებული სიგრძის მონაცემთა ელემენტები - ზოგადი ინფორმაცია |
| ფიქსირებული სიგრძის საკონტროლო ველი |
221012s2016 ge ||||| |||| 00| 0 geo d |
| 020 ## - წიგნის საერთაშორისო სტანდარტული ნომერი |
| International Standard Book Number |
9789941135408 |
| 041 ## - ენის კოდი |
| Language code of text/sound track or separate title |
geo |
| 080 ## - უნივერსალური ათობითი კლასიფიკაციის ინდექსი |
| Universal Decimal Classification number |
[378.4(479.22)(063)+27(063) ქ 73 |
| 245 ## - ცნობა სათაურის შესახებ |
| Title |
ქრისტიანობა და ეკონომიკა : |
| Remainder of title |
IX საერთაშორისო სამეცნიერო კონფერენციის მოხსენებათა კრებული (ქუთაისი, 2016 წლის 22-23 ოქტომბერი) / |
| Statement of responsibility, etc |
რედაქტორები: რევაზ გოგოხია, გიორგი შიხაშვილი ; ინგლისურენოვანი ტექსტების რედაქტორი ნანა მაისურაძე. |
| 264 ## - წარმოების, გამოცემის, დისტრიბუციის და სხვა ცნობები |
| გამოცემის, წარმოების, დისტრიბუციის... ადგილი |
ქუთაისი : |
| გამოცემის, წარმოების, დისტრიბუციის... სახელწოდება |
თბილისი, |
| გამოცემის, წარმოების, დისტრიბუციის... თარიღი |
2016. |
| 300 ## - ფიზიკური აღწერა |
| Extent |
238 გვ. ; |
| Other physical details |
29 სმ. |
| 500 ## - ზოგადი შენიშვნა |
| General note |
თავფურცლის მე-3 გვერდი ინგლ. ენაზე. |
| 501 ## - შენიშვნა თანმხლებ მასალაზე |
| With note |
ტექსტის ნაწილი ინგლ. ენაზე. |
| 504 ## - BIBLIOGRAPHY, ETC. NOTE |
| Bibliography, etc |
ბიბლიოგრ. ტექსტის შენიშვნებში. |
| 653 ## - INDEX TERM--UNCONTROLLED |
| Uncontrolled term |
უნივერსიტეტები საქართველოში |
| 653 ## - INDEX TERM--UNCONTROLLED |
| Uncontrolled term |
კონფერენციები |
| 653 ## - INDEX TERM--UNCONTROLLED |
| Uncontrolled term |
ქრისტიანობა |
| 653 ## - INDEX TERM--UNCONTROLLED |
| Uncontrolled term |
მართლმადიდებლობა |
| 700 ## - ADDED ENTRY--PERSONAL NAME |
| Personal name |
ბიძინა (გუნია), დეკანოზი |
| Relator term |
ავტორი |
| 9 (RLIN) |
15281 |
| 700 ## - ADDED ENTRY--PERSONAL NAME |
| Personal name |
არჩვაძე, იოსებ |
| Relator term |
ავტორი |
| 9 (RLIN) |
15282 |
| 700 ## - ADDED ENTRY--PERSONAL NAME |
| Personal name |
ქურხული, ლია |
| Relator term |
ავტორი |
| 9 (RLIN) |
15283 |
| 700 ## - ADDED ENTRY--PERSONAL NAME |
| Personal name |
ახვლედიანი, ნონა და სხვ. |
| Relator term |
ავტორი |
| 9 (RLIN) |
15284 |
| 942 ## - ADDED ENTRY ELEMENTS (KOHA) |
| Source of classification or shelving scheme |
|
| Koha item type |
წიგნი |